Statistics for What's the name in French?

Click here to take the quiz!

General Stats

  • This quiz has been taken 31 times
  • The average score is 11 of 20

Answer Stats

Name in EnglishName in French% Correct
AndrewAndré
86%
MarkMarc
76%
CharlesCharles
76%
AngelicaAngélique
76%
SophiaSophie
69%
EmilyÉmilie
69%
PeterPierre
66%
MonicaMonique
66%
NicholasNicolas
62%
GeorgeGeorges
59%
ElizabethIsabelle
52%
EdwardÉdouard
48%
SusanSuzanne
45%
WilliamGuillaume
38%
JessicaJessica
38%
Steven/StephenÉtienne
34%
MargaretMargot
31%
JamesJacques
28%
JaneJeannette
24%
NancyAnaïs
24%

Score Distribution

Percentile by Number Answered

Percent of People with Each Score

Your Score History

You have not taken this quiz